• 首页
  • 本馆介绍
  • 公告通知
  • 最新文献
  • 馆藏检索
  • 电子资源
  • 读者导购
  • 参考咨询
  • 我的图书馆
  • 登录
  • 详细信息显示
  • 放入我的书架
  • 预约/预借图书
  • 作者相关作品
  • 分类相关作品
  • 丛书相关作品
  • 出版社相关作品

书目信息

  • 表格格式
  • 工作单格式
  • 卡片格式
题名:
明天做什么吃呢?
    
 
作者: 松浦弥太郎 著 ;吴绣绣 译
分册:  
出版信息: 北京   中信出版集团股份有限公司  2018
页数: 159页
开本: 23cm
丛书名:
单 册:
中图分类: TS972.183.13
科图分类:
主题词: 食谱--日本 , 散文集--日本--现代
电子资源:
ISBN: 978-7-5086-8803-9
000 00934nam0 22002771 450
001 0035831622
005 20181108160657.0
010    @a978-7-5086-8803-9@b精装@dCNY65.00
100    @a20180709d2018 em y0chiy50 ea
101 1  @achi@cjpn
102    @aCN@b110000
105    @aa z 000cy
106    @ar
200 1  @a明天做什么吃呢?@Aming tian zuo shen me chi ne?@e松浦弥太郎的料理笔记@f(日)松浦弥太郎著@g吴绣绣译
210    @a北京@c中信出版集团股份有限公司@d2018
215    @a159页@c彩图@d23cm
300    @a食帖
330    @a本书是日本生活美学家松浦弥太郎的食谱随笔文集。内容包含松浦弥太郎亲手制作并总结的食谱、私人烹饪技巧,及散文。
606 0  @a食谱@y日本
606 0  @a散文集@y日本@z现代
690    @aTS972.183.13@v5
701  0 @c(日)@a松浦弥太郎@Asong pu mi tai lang@f(1965-)@4著
702  0 @a吴绣绣@Awu xiu xiu@4译
801  0 @aCN@bMUSE@c20181206@g
905    @aBZT@dTS972.183.13@e4
906    @dCNY65.00@n3@r1
    
    明天做什么吃呢?:松浦弥太郎的料理笔记/(日)松浦弥太郎著/吴绣绣译.-北京:中信出版集团股份有限公司,2018
    159页:彩图;23cm
    食帖
    
    ISBN 978-7-5086-8803-9(精装):CNY65.00
    本书是日本生活美学家松浦弥太郎的食谱随笔文集。内容包含松浦弥太郎亲手制作并总结的食谱、私人烹饪技巧,及散文。
●
相关链接 在五车中查询图书 在当当中查询图书 在豆瓣中查询图书


正题名:明天做什么吃呢?     索取号:TS972.183.13/4         预约/预借

序号 登录号 条形码 馆藏地/架位号 状态 备注
1 857673   2000857673   第二书库/ [索取号:TS972.183.13/4] 在馆    
2 857674   2000857674   第二书库/ [索取号:TS972.183.13/4] 在馆    
3 857675   2000857675   第二书库/ [索取号:TS972.183.13/4] 在馆    
山东省滨州职业学院图书馆 欢迎您!
大连网信软件有限公司© 版权所有